[Event "Ogolnopolski Turniej Niepelnosprawnych"]
[Site "Rowy"]
[Date "2011.??.??"]
[Round "1.1"]
[White "Kiedrowicz, Jan"]
[Black "Szydlowski, Wiktor"]
[Result "1-0"]
[WhiteElo "2301"]
[BlackElo "1814"]
[PlyCount "93"]
[EventDate "2011.??.??"]

1. g3 d5 2. Bg2 Nf6 3. c4 e6 4. d4 c6 5. Qc2 Nbd7 6. Nf3 Bb4+ 7. Bd2 Bxd2+ 8.
Nbxd2 O-O 9. O-O Re8 10. Rfe1 Nf8 11. Rad1 Ng6 12. a3 Qa5 13. e4 dxe4 14. Nxe4
Nxe4 15. Qxe4 Bd7 16. Qc2 Rad8 17. h4 Qh5 18. Ne5 Nxe5 19. Rxe5 Qg6 20. Be4 Qh6
21. Qe2 g6 22. Bf3 a6 23. Kg2 f6 24. Re3 Qg7 25. Bg4 f5 26. Bf3 Qf6 27. Re5 h5
28. Qe3 Kg7 29. Qf4 Kh7 30. Rde1 Kg7 31. Qd2 Rf8 32. Qf4 Rfe8 33. R1e3 Kh7 34.
Rb3 Bc8 35. Rb6 Qf7 36. a4 Qc7 37. Rxf5 Qxf4 38. Rxf4 Kg7 39. b4 e5 40. dxe5
Rxe5 41. b5 axb5 42. cxb5 cxb5 43. axb5 Re7 44. Be4 Be6 45. Rxb7 Rxb7 46. Bxb7
Rb8 47. Bc6 1-0

[Event "Ogolnopolski Turniej Niepelnosprawnych"]
[Site "Rowy"]
[Date "2011.??.??"]
[Round "1.2"]
[White "Wroblewski, Mieczyslaw"]
[Black "Wojcieszyn, Jacenty"]
[Result "0-1"]
[WhiteElo "1791"]
[BlackElo "2252"]
[PlyCount "84"]
[EventDate "2011.??.??"]

1. e4 c5 2. Nf3 d6 3. d4 cxd4 4. Nxd4 Nf6 5. Nc3 g6 6. Be3 Bg7 7. Qd2 Ng4 8.
Bc4 Nxe3 9. fxe3 O-O 10. O-O Nc6 11. Nxc6 bxc6 12. Rad1 a5 13. b3 Ba6 14. Qd3
Qb6 15. Bxa6 Qxa6 16. Qxa6 Rxa6 17. Ne2 Rb8 18. Nd4 a4 19. Rb1 c5 20. Ne2 Rb4
21. c4 axb3 22. axb3 Rab6 23. Nc1 Rxc4 24. bxc4 Rxb1 25. Ne2 Rb3 26. Kf2 Bh6
27. Nf4 Bxf4 28. exf4 Rc3 29. e5 Rxc4 30. exd6 exd6 31. Ke3 d5 32. f5 Kg7 33.
f6+ Kh6 34. Rd1 Re4+ 35. Kf3 Re5 36. Kg4 g5 37. h4 gxh4 38. Kf4 Rg5 39. Rh1 Kh5
40. Rd1 d4 41. Rc1 Kg6 42. Ra1 d3 0-1

[Event "Ogolnopolski Turniej Niepelnosprawnych"]
[Site "Rowy"]
[Date "2011.??.??"]
[Round "1.3"]
[White "Kaukiel, Piotr"]
[Black "Juraszewski, Mieczyslaw"]
[Result "1-0"]
[WhiteElo "2194"]
[BlackElo "1786"]
[PlyCount "65"]
[EventDate "2011.??.??"]

1. e4 c5 2. Nf3 d6 3. d4 cxd4 4. Nxd4 Nf6 5. Nc3 a6 6. Bg5 e6 7. Qd2 Be7 8.
O-O-O b5 9. a3 Bb7 10. f3 Nbd7 11. g4 Rc8 12. h4 Ne5 13. Bxf6 Bxf6 14. g5 Be7
15. Bh3 d5 16. Bxe6 Nc4 17. Qf4 fxe6 18. Nxe6 Qd6 19. Nxg7+ Kd8 20. Qf7 Kc7 21.
Nf5 Qf4+ 22. Kb1 Rce8 23. Nxd5+ Bxd5 24. Qxd5 Kb8 25. Qc6 Nd2+ 26. Ka2 Rc8 27.
Qb6+ Ka8 28. Qxa6+ Kb8 29. Qxb5+ Ka7 30. Qa5+ Kb8 31. Rxd2 Rc5 32. Qb4+ Ka8 33.
Rd7 1-0

[Event "Ogolnopolski Turniej Niepelnosprawnych"]
[Site "Rowy"]
[Date "2011.??.??"]
[Round "1.4"]
[White "Janocha, Jan"]
[Black "Pioch, Zygmunt"]
[Result "0-1"]
[WhiteElo "1781"]
[BlackElo "2123"]
[PlyCount "66"]
[EventDate "2011.??.??"]

1. e4 e5 2. Nf3 Nc6 3. Bc4 Bc5 4. c3 Nf6 5. O-O Nxe4 6. Bd5 Nf6 7. Bxc6 dxc6 8.
Nxe5 O-O 9. d4 Bd6 10. Bg5 h6 11. Bh4 Re8 12. f4 Be6 13. Nd2 Be7 14. Nb3 Qc8
15. Bxf6 gxf6 16. Nf3 Bc4 17. Re1 Qg4 18. Nfd2 Be6 19. Qxg4+ Bxg4 20. Ne4 b6
21. Re3 Be6 22. h3 a5 23. g4 f5 24. Rae1 Kf8 25. g5 fxe4 26. gxh6 Bh4 27. R1e2
f5 28. Nd2 Kf7 29. Rg2 Rg8 30. Ree2 Rxg2+ 31. Rxg2 Rg8 32. a3 Rxg2+ 33. Kxg2
Kg6 0-1

[Event "Ogolnopolski Turniej Niepelnosprawnych"]
[Site "Rowy"]
[Date "2011.??.??"]
[Round "1.5"]
[White "Szczepaniec, Stanislaw"]
[Black "Strojek, Kazimierz"]
[Result "1-0"]
[WhiteElo "2075"]
[BlackElo "1775"]
[PlyCount "117"]
[EventDate "2011.??.??"]

1. c4 Nf6 2. Nc3 g6 3. e4 d6 4. d4 Bg7 5. Be2 O-O 6. Bg5 h6 7. Be3 c6 8. g4 Ne8
9. Qd2 Kh7 10. h4 Qa5 11. h5 g5 12. Nh3 f6 13. f3 e5 14. Nf2 Be6 15. d5 Bf7 16.
O-O c5 17. a3 Nd7 18. b4 Qc7 19. Rfb1 b6 20. Ra2 Qc8 21. Nh1 Rg8 22. Ng3 Bf8
23. Qd3 Ng7 24. Bd1 Be7 25. Ba4 Be8 26. Bc6 Rb8 27. b5 Nf8 28. a4 a5 29. bxa6
Qxa6 30. a5 Qc8 31. Bxe8 Qxe8 32. axb6 Rb7 33. Ra7 Qb8 34. Rxb7 Qxb7 35. Qc2
Nd7 36. Qa4 Rc8 37. Qa7 Rb8 38. Qxb7 Rxb7 39. Na4 Bd8 40. Bd2 Kg8 41. Ba5 Kf7
42. Nc3 Ke7 43. Kf2 Rb8 44. Na4 Ra8 45. Rb5 Ra6 46. Ke3 Nb8 47. Kd3 Nd7 48. Kc3
Nb8 49. Kb3 Nd7 50. Ka3 Ra8 51. b7 Rb8 52. Bxd8+ Kxd8 53. Nc3 Ke7 54. Ka4 Kd8
55. Ka5 Kc7 56. Ka6 Rd8 57. Ka7 Rh8 58. b8=Q+ Nxb8 59. Rb7+ 1-0

[Event "Ogolnopolski Turniej Niepelnosprawnych"]
[Site "Rowy"]
[Date "2011.??.??"]
[Round "1.6"]
[White "Prokopczuk, Antoni"]
[Black "Matuszczyk, Krystian"]
[Result "0-1"]
[WhiteElo "1753"]
[BlackElo "2046"]
[PlyCount "62"]
[EventDate "2011.??.??"]

1. d4 Nf6 2. c4 g6 3. Nf3 Bg7 4. Nc3 O-O 5. e4 d6 6. Be2 Nbd7 7. O-O e5 8. d5
Nc5 9. Qc2 a5 10. a4 h6 11. Be3 Na6 12. Na2 b6 13. Rac1 Bd7 14. b3 Ng4 15. Bd2
f5 16. exf5 gxf5 17. h3 Nf6 18. Nh2 Ne4 19. Be1 Nac5 20. f3 Ng5 21. Bh4 Nxh3+
22. gxh3 Qxh4 23. Kh1 Qxh3 24. Rg1 Kh8 25. Bf1 Qh4 26. Nc3 Bf6 27. Nb5 Na6 28.
Qg2 Rg8 29. Qh3 Rxg1+ 30. Kxg1 Qg5+ 31. Kh1 Qxc1 0-1

[Event "Ogolnopolski Turniej Niepelnosprawnych"]
[Site "Rowy"]
[Date "2011.??.??"]
[Round "1.7"]
[White "Koper, Ireneusz"]
[Black "Borkowski, Jozef"]
[Result "1-0"]
[WhiteElo "2030"]
[BlackElo "1740"]
[PlyCount "91"]
[EventDate "2011.??.??"]

1. e4 e5 2. f4 Bc5 3. Nf3 Nc6 4. fxe5 Nd4 5. c3 Nxf3+ 6. Qxf3 Ne7 7. d4 Bb6 8.
Bc4 O-O 9. O-O d6 10. exd6 Qxd6 11. Be3 Qg6 12. Nd2 c6 13. Rf2 Bg4 14. Qg3 Be6
15. Qxg6 Nxg6 16. Bxe6 fxe6 17. Raf1 Rxf2 18. Rxf2 Rf8 19. Rxf8+ Kxf8 20. Kf2
Bc7 21. e5 b6 22. Ne4 a5 23. Ng5 Ke7 24. Nxh7 b5 25. Ng5 c5 26. Ne4 cxd4 27.
cxd4 Kd7 28. Nc5+ Ke7 29. Bg5+ Kf7 30. Ke3 Ne7 31. Bxe7 Kxe7 32. Ke4 Bb6 33.
Nd3 Kf7 34. Nf4 a4 35. h4 Ba5 36. h5 Bd2 37. g4 Bc1 38. b3 axb3 39. axb3 b4 40.
g5 Bd2 41. g6+ Ke7 42. d5 exd5+ 43. Nxd5+ Ke6 44. Nf4+ Ke7 45. Kf5 Kd7 46. h6
1-0

[Event "Ogolnopolski Turniej Niepelnosprawnych"]
[Site "Rowy"]
[Date "2011.??.??"]
[Round "1.8"]
[White "Wojtowicz, Mieczyslaw"]
[Black "Wojcieszyn, Zdzislaw"]
[Result "0-1"]
[WhiteElo "1737"]
[BlackElo "2020"]
[PlyCount "42"]
[EventDate "2011.??.??"]

1. e4 c5 2. Nf3 Nc6 3. c3 Nf6 4. Bd3 d5 5. exd5 Qxd5 6. Be2 e5 7. d3 Bf5 8. O-O
Rd8 9. Bg5 Be7 10. Na3 Bxd3 11. c4 Qe4 12. Bxd3 Rxd3 13. Qa4 Qf5 14. Be3 e4 15.
Nh4 Qh5 16. g3 Ng4 17. h3 Nxe3 18. fxe3 Bxh4 19. gxh4 Qxh4 20. Qc2 Rd6 21. Rf2
Qg3+ 0-1

[Event "Ogolnopolski Turniej Niepelnosprawnych"]
[Site "Rowy"]
[Date "2011.??.??"]
[Round "1.9"]
[White "Krasowski, Slawomir"]
[Black "Niezgoda, Boleslaw"]
[Result "1-0"]
[WhiteElo "2013"]
[BlackElo "1735"]
[PlyCount "37"]
[EventDate "2011.??.??"]

1. e4 c6 2. d4 d5 3. Nc3 dxe4 4. Nxe4 g6 5. Bc4 Bg7 6. Qf3 e6 7. Bf4 Qxd4 8.
Nd6+ Kf8 9. c3 Qc5 10. b4 Qh5 11. g4 Qh4 12. Bg5 Bxc3+ 13. Ke2 f5 14. Bxh4 Bxa1
15. Nxc8 Nd7 16. Qd3 Ne5 17. Qd6+ Kg7 18. Bxe6 Kh6 19. Qf8# 1-0

[Event "Ogolnopolski Turniej Niepelnosprawnych"]
[Site "Rowy"]
[Date "2011.??.??"]
[Round "1.10"]
[White "Jasinska-Kuzia, Lidia"]
[Black "Nadolinski, Roman"]
[Result "0-1"]
[WhiteElo "1727"]
[BlackElo "1992"]
[PlyCount "54"]
[EventDate "2011.??.??"]

1. e4 c5 2. Nf3 Nc6 3. d4 cxd4 4. Nxd4 e6 5. Be3 Nf6 6. Nd2 a6 7. h3 Nxd4 8.
Bxd4 Be7 9. Bd3 d6 10. O-O Bd7 11. c4 e5 12. Bc3 Bc6 13. b4 Rc8 14. Qb3 O-O 15.
b5 axb5 16. cxb5 Bd7 17. a4 Be6 18. Qb2 Nd7 19. Bb4 Nc5 20. Bxc5 Rxc5 21. Rfc1
Rxc1+ 22. Rxc1 Qa5 23. Qc2 Rc8 24. Qd1 Rxc1 25. Qxc1 Qxa4 26. Nf3 Qa5 27. Bc4
Qc7 0-1

[Event "Ogolnopolski Turniej Niepelnosprawnych"]
[Site "Rowy"]
[Date "2011.??.??"]
[Round "1.11"]
[White "Cylwik, Zbigniew"]
[Black "Ben, Jaroslaw"]
[Result "1-0"]
[WhiteElo "1986"]
[BlackElo "1719"]
[PlyCount "45"]
[EventDate "2011.??.??"]

1. d4 d5 2. c4 c6 3. Nc3 Nf6 4. Nf3 dxc4 5. e3 Bf5 6. Bxc4 e6 7. O-O Nbd7 8.
Qe2 Bb4 9. e4 Bg6 10. d5 Bxc3 11. dxe6 fxe6 12. bxc3 Qe7 13. Ng5 O-O-O 14. Nxe6
Rde8 15. f3 Nb6 16. Bb3 Bf7 17. Nd4 Nbd5 18. Qb2 Nc7 19. Bf4 g5 20. Bg3 h5 21.
Nf5 Qc5+ 22. Bf2 Qf8 23. Bxf7 1-0

[Event "Ogolnopolski Turniej Niepelnosprawnych"]
[Site "Rowy"]
[Date "2011.??.??"]
[Round "1.12"]
[White "Zawada, Andrzej"]
[Black "Borowski, Jaroslaw"]
[Result "1/2-1/2"]
[WhiteElo "1714"]
[BlackElo "1982"]
[PlyCount "48"]
[EventDate "2011.??.??"]

1. e4 c6 2. d4 d5 3. exd5 cxd5 4. Nf3 Nf6 5. Bd3 e6 6. O-O Nc6 7. a3 Be7 8.
Nbd2 O-O 9. b4 Bd7 10. Bb2 a6 11. Qe2 Qc8 12. c4 Re8 13. Rac1 Qb8 14. h3 Qa7
15. Ne5 Nxd4 16. Qe3 Nc6 17. Qxa7 Nxa7 18. Nxd7 Nxd7 19. cxd5 exd5 20. Rc7 Bf6
21. Bxf6 Nxf6 22. Rxb7 Nb5 23. Nf3 Nxa3 24. Ng5 Nc4 1/2-1/2

[Event "Ogolnopolski Turniej Niepelnosprawnych"]
[Site "Rowy"]
[Date "2011.??.??"]
[Round "1.13"]
[White "Ulrych, Wojciech"]
[Black "Opolski, Wojciech"]
[Result "1-0"]
[WhiteElo "1968"]
[BlackElo "1713"]
[PlyCount "22"]
[EventDate "2011.??.??"]

1. e4 e5 2. Nf3 Nc6 3. Bc4 Be7 4. d4 Nf6 5. Nxe5 Nxe5 6. dxe5 Nxe4 7. Qd5 Bb4+
8. c3 Nd6 9. exd6 O-O 10. cxb4 cxd6 11. O-O Rb8 1-0

[Event "Ogolnopolski Turniej Niepelnosprawnych"]
[Site "Rowy"]
[Date "2011.??.??"]
[Round "1.14"]
[White "Jonczyk, Jan"]
[Black "Czech, Mieczyslaw"]
[Result "1/2-1/2"]
[WhiteElo "1696"]
[BlackElo "1967"]
[PlyCount "62"]
[EventDate "2011.??.??"]

1. d4 Nf6 2. c4 e6 3. Nc3 d5 4. Bg5 Be7 5. e3 O-O 6. Nf3 Nbd7 7. Bd3 c6 8. O-O
Re8 9. Rc1 a6 10. cxd5 exd5 11. h3 Nf8 12. a3 Ng6 13. Bxg6 hxg6 14. Bxf6 Bxf6
15. Qb3 Qe7 16. Qb6 Bf5 17. Rfe1 g5 18. Nh2 Rab8 19. Na4 g6 20. Qc5 Qe6 21. Qc3
g4 22. Nc5 Qc8 23. hxg4 Bxg4 24. f3 Be6 25. Nxe6 Rxe6 26. Ng4 Bg7 27. Re2 Qd7
28. Rce1 Rbe8 29. Nf2 R6e7 30. Nd3 Bf6 31. Nc5 Qf5 1/2-1/2

[Event "Ogolnopolski Turniej Niepelnosprawnych"]
[Site "Rowy"]
[Date "2011.??.??"]
[Round "1.15"]
[White "Winiarski, Kazimierz"]
[Black "Zatylny, Jan"]
[Result "1-0"]
[WhiteElo "1967"]
[BlackElo "1696"]
[PlyCount "113"]
[EventDate "2011.??.??"]

1. d4 d5 2. Nf3 Nf6 3. g3 e6 4. Bg2 Be7 5. O-O O-O 6. c4 c6 7. Nc3 Nbd7 8. b3
h6 9. Bb2 a6 10. c5 Re8 11. b4 Qc7 12. Qc2 b5 13. a4 Bb7 14. e3 Nh7 15. e4 Ng5
16. Nxg5 Bxg5 17. f4 Be7 18. e5 f5 19. exf6 Bxf6 20. Ne2 Nf8 21. Kh1 Qf7 22.
Ng1 Qg6 23. Qd2 Qh5 24. Nf3 Qg4 25. a5 Bc8 26. Rae1 Bd7 27. Qf2 Rad8 28. h3 Qg6
29. Kh2 Qf5 30. Ne5 Bxe5 31. Rxe5 Qd3 32. Re3 Qg6 33. Rfe1 Qf6 34. Bf3 Qf7 35.
Qe2 Re7 36. Bh5 Qf6 37. Re5 g6 38. Bf3 Rde8 39. h4 h5 40. Bg2 Kh7 41. Bh3 Kg7
42. Bc1 Kg8 43. f5 Rf7 44. Bg5 Qg7 45. f6 Rxf6 46. Bxf6 Qxf6 47. Rf1 Qg7 48.
Qd3 Re7 49. Re3 Rf7 50. Ref3 Rf5 51. Bxf5 exf5 52. Re1 Qf6 53. Re5 g5 54. Rexf5
Bxf5 55. Rxf5 Qe6 56. Rxg5+ Kf7 57. Qf5+ 1-0

[Event "Ogolnopolski Turniej Niepelnosprawnych"]
[Site "Rowy"]
[Date "2011.??.??"]
[Round "1.16"]
[White "Radwan, Jan"]
[Black "Krawcewicz, Lucyna"]
[Result "0-1"]
[WhiteElo "1693"]
[BlackElo "1963"]
[PlyCount "108"]
[EventDate "2011.??.??"]

1. b4 e6 2. Bb2 Nf6 3. a3 Be7 4. e4 c6 5. c4 a5 6. e5 Ng8 7. Qg4 Kf8 8. c5 axb4
9. axb4 Rxa1 10. Bxa1 b6 11. Qd4 bxc5 12. bxc5 Qa5 13. Bc3 Qxc5 14. Nf3 Na6 15.
Be2 Qxd4 16. Nxd4 Nc5 17. O-O f6 18. f4 Ne4 19. Bd3 Nc5 20. Bc2 Ba6 21. Rf3 Nh6
22. h3 Ke8 23. g4 Nf7 24. exf6 gxf6 25. d3 h5 26. Nd2 hxg4 27. hxg4 Rg8 28. Rg3
Nh6 29. N4b3 Nxb3 30. Nxb3 Rxg4 31. Rxg4 Nxg4 32. Bd4 d6 33. Kg2 c5 34. Bg1 f5
35. Kg3 Nf6 36. Nd2 Nd5 37. Ba4+ Kf7 38. Nc4 Nb4 39. Bd1 Nxd3 40. Bh5+ Kf6 41.
Nd2 e5 42. fxe5+ dxe5 43. Be2 c4 44. Bxd3 cxd3 45. Bb6 Bd6 46. Kf3 Bb4 47. Be3
Bb7+ 48. Kf2 f4 49. Nf1 fxe3+ 50. Kxe3 e4 51. Nd2 Bxd2+ 52. Kxd2 Ke5 53. Ke3
Ba6 54. Kd2 Kd4 0-1

[Event "Ogolnopolski Turniej Niepelnosprawnych"]
[Site "Rowy"]
[Date "2011.??.??"]
[Round "1.18"]
[White "Lenart, Franciszek"]
[Black "Wodas, Pawel"]
[Result "0-1"]
[WhiteElo "1601"]
[BlackElo "1955"]
[PlyCount "51"]
[EventDate "2011.??.??"]

1. d4 Nf6 2. e3 g6 3. c4 Bg7 4. Be2 O-O 5. Nc3 d6 6. Bd2 Nc6 7. Nf3 e5 8. d5
Ne7 9. e4 Nd7 10. b4 f5 11. Ng5 Nf6 12. O-O h6 13. Ne6 Bxe6 14. dxe6 Nxe4 15.
Nd5 c6 16. Nc3 Nxd2 17. Qxd2 Rf6 18. Bd1 Rxe6 19. Bb3 Kh7 20. Na4 Rf6 21. Rad1
Qc7 22. c5 d5 23. f4 e4 24. Qe3 Rff8 25. Nc3 d4 26. Qg3 0-1

[Event "Ogolnopolski Turniej Niepelnosprawnych"]
[Site "Rowy"]
[Date "2011.??.??"]
[Round "1.19"]
[White "Tuszynski, Edmund"]
[Black "Grobelna, Ewa"]
[Result "1-0"]
[WhiteElo "1947"]
[BlackElo "1586"]
[PlyCount "38"]
[EventDate "2011.??.??"]

1. e4 e5 2. Nf3 Nc6 3. Nc3 Nf6 4. a3 d6 5. h3 h6 6. Bc4 Nd4 7. d3 Be7 8. Nxd4
exd4 9. Ne2 c5 10. O-O O-O 11. Ng3 Be6 12. Ba2 Bxa2 13. Rxa2 Qc7 14. f4 c4 15.
Nf5 cxd3 16. cxd3 Rfc8 17. Nxd4 Qc5 18. Be3 g6 19. Qf3 Qc7 1-0

[Event "Ogolnopolski Turniej Niepelnosprawnych"]
[Site "Rowy"]
[Date "2011.??.??"]
[Round "1.20"]
[White "Sarnowski, Ryszard"]
[Black "Dembowski, Andrzej"]
[Result "0-1"]
[WhiteElo "1583"]
[BlackElo "1942"]
[PlyCount "84"]
[EventDate "2011.??.??"]

1. e4 c5 2. Nf3 Nc6 3. d4 cxd4 4. Nxd4 Nf6 5. Nc3 e5 6. Nb3 Bb4 7. f3 O-O 8.
Bd2 Bxc3 9. Bxc3 d5 10. exd5 Nxd5 11. Bd2 Re8 12. Bd3 b6 13. a3 Be6 14. Bb5 Rc8
15. O-O Qe7 16. Re1 Qf6 17. Qc1 h6 18. Bd3 Nde7 19. Bc3 Bxb3 20. cxb3 Nd5 21.
Be4 Nf4 22. Qe3 Nd4 23. Rad1 Rcd8 24. b4 Qg5 25. Rd2 Qf6 26. Kh1 Nfe6 27. Red1
Qh4 28. g3 Qh5 29. Rg1 f5 30. g4 fxg4 31. Rxg4 Rf8 32. Rdg2 Rf6 33. Bg6 Qh3 34.
Bf7+ Kxf7 35. Qxe5 Qxf3 36. Bxd4 Rxd4 37. Rxg7+ Kf8 38. Rg8+ Kf7 39. R8g7+ Kf8
40. Qb8+ Rd8 41. Rg8+ Ke7 42. Qxa7+ Rd7 0-1

[Event "Ogolnopolski Turniej Niepelnosprawnych"]
[Site "Rowy"]
[Date "2011.??.??"]
[Round "1.21"]
[White "Pipala, Janusz"]
[Black "Budnik, Kazimierz"]
[Result "1-0"]
[WhiteElo "1935"]
[BlackElo "1567"]
[PlyCount "53"]
[EventDate "2011.??.??"]

1. b3 e6 2. Bb2 Nf6 3. g3 d5 4. Bg2 Nc6 5. Nf3 h6 6. d3 d4 7. O-O Be7 8. c3
dxc3 9. Nxc3 O-O 10. d4 Nb4 11. a3 Nbd5 12. Na4 b6 13. Ne5 Bb7 14. e4 Nf4 15.
gxf4 Bxe4 16. Bxe4 Nxe4 17. Rc1 Bh4 18. Qc2 f5 19. Qxc7 Qf6 20. f3 Nd2 21. Rfd1
Nxb3 22. Rc2 Rac8 23. Qxc8 Rxc8 24. Rxc8+ Kh7 25. Rd3 Be1 26. Rxb3 Qh4 27. Rh8+
1-0

[Event "Ogolnopolski Turniej Niepelnosprawnych"]
[Site "Rowy"]
[Date "2011.??.??"]
[Round "1.22"]
[White "Grabarczyk, Edmund"]
[Black "Zinczuk, Leon"]
[Result "0-1"]
[WhiteElo "1539"]
[BlackElo "1890"]
[PlyCount "88"]
[EventDate "2011.??.??"]

1. e4 c5 2. Nf3 Nc6 3. c3 g6 4. d4 cxd4 5. Nxd4 Bg7 6. Be3 Nf6 7. Nxc6 bxc6 8.
Bd3 O-O 9. f4 d6 10. O-O Qa5 11. h3 Rb8 12. Qe2 c5 13. b3 Rxb3 14. Qc2 Rb8 15.
Nd2 Ba6 16. Nb3 Bxd3 17. Qxd3 Qc7 18. e5 c4 19. Qd4 cxb3 20. exf6 Bxf6 21. Qxa7
Rb7 22. Qa3 Qxc3 23. Qc1 Qxa1 24. Qxa1 Bxa1 25. Rxa1 Ra8 26. a4 b2 27. Rb1 Rxa4
28. Kh2 Ra1 29. Rxb2 Rxb2 30. Bd4 Rxg2+ 31. Kxg2 Ra2+ 32. Kf3 Ra4 33. Be3 e5
34. fxe5 dxe5 35. Bg5 f5 36. Bf6 Ra3+ 37. Kg2 e4 38. h4 Kf7 39. Bg5 Ke6 40. Bh6
Ke5 41. Bg7+ Kf4 42. Bf8 Ra2+ 43. Kh3 e3 44. Bd6+ Kf3 0-1

[Event "Ogolnopolski Turniej Niepelnosprawnych"]
[Site "Rowy"]
[Date "2011.??.??"]
[Round "1.23"]
[White "Olszewski, Jerzy"]
[Black "Kocik, Genowefa"]
[Result "1-0"]
[WhiteElo "1885"]
[BlackElo "1513"]
[PlyCount "101"]
[EventDate "2011.??.??"]

1. e4 e5 2. Nf3 Nc6 3. Bc4 Be7 4. c3 Nf6 5. d3 O-O 6. a4 d6 7. a5 a6 8. O-O Nb8
9. Bg5 c6 10. Re1 Bg4 11. Nbd2 h6 12. Bxf6 Bxf6 13. h3 Bxf3 14. Nxf3 Nd7 15.
Nh2 Bg5 16. g3 b5 17. axb6 Nxb6 18. Bxa6 Rb8 19. b4 Bf6 20. Qc2 d5 21. Ng4 Re8
22. Nxf6+ Qxf6 23. Kg2 Red8 24. Rf1 dxe4 25. dxe4 Qe7 26. Be2 Ra8 27. Rxa8 Rxa8
28. Qb3 Nd7 29. Qc4 Qe6 30. Qd3 Nf6 31. Rd1 Rf8 32. f3 g6 33. g4 Kg7 34. Kg3
Rh8 35. Qa6 Qc8 36. Qa5 Re8 37. Bc4 Re7 38. Rd8 Qc7 39. Qa8 Qb6 40. Rd1 g5 41.
Qd8 Qxd8 42. Rxd8 Rd7 43. Rc8 Rd6 44. b5 cxb5 45. Bxb5 h5 46. Kf2 hxg4 47. hxg4
Rd2+ 48. Ke3 Rb2 49. Bc4 Rb7 50. Bd5 Ra7 51. Bc6 1-0

[Event "Ogolnopolski Turniej Niepelnosprawnych"]
[Site "Rowy"]
[Date "2011.??.??"]
[Round "1.24"]
[White "Panczuk, Boleslaw"]
[Black "Solek, Zenon"]
[Result "0-1"]
[WhiteElo "1482"]
[BlackElo "1883"]
[PlyCount "48"]
[EventDate "2011.??.??"]

1. d4 Nf6 2. c4 g6 3. Nc3 d5 4. e3 Bg7 5. Nf3 O-O 6. Bd3 c5 7. O-O Nc6 8. cxd5
Nxd5 9. e4 Nxc3 10. bxc3 cxd4 11. cxd4 Bg4 12. Be3 Nxd4 13. Rc1 Nxf3+ 14. gxf3
Bxf3 15. Qxf3 Qxd3 16. Rce1 Rac8 17. Re2 Rc4 18. Rd2 Qxe4 19. Qd1 Be5 20. Bxa7
Qh4 21. f3 Bf4 22. Re2 Rfc8 23. Rg2 Rc1 24. Qe2 Rxf1+ 0-1

[Event "Ogolnopolski Turniej Niepelnosprawnych"]
[Site "Rowy"]
[Date "2011.??.??"]
[Round "1.27"]
[White "Niecko, Stanislaw"]
[Black "Pilecki, Jozef"]
[Result "1-0"]
[WhiteElo "1856"]
[BlackElo "1432"]
[PlyCount "105"]
[EventDate "2011.??.??"]

1. e4 e5 2. Nf3 Nc6 3. Bb5 Bd6 4. c3 Nf6 5. O-O O-O 6. d3 h6 7. Re1 Ne7 8. Nbd2
c6 9. Ba4 Ng6 10. Nf1 Bc7 11. Ng3 d6 12. h3 d5 13. Be3 dxe4 14. dxe4 Qxd1 15.
Raxd1 Bb6 16. Bxb6 axb6 17. Bb3 Nd7 18. Nf5 Nc5 19. Nd6 Nxb3 20. axb3 Be6 21.
c4 Ra7 22. Rd2 f6 23. Kh2 c5 24. g3 Ne7 25. Nh4 Kh7 26. Nhf5 Bxf5 27. Nxf5 Nxf5
28. exf5 Rf7 29. Rd6 Ra6 30. Red1 h5 31. Re6 b5 32. cxb5 Rxe6 33. fxe6 Re7 34.
Rd7 Rxe6 35. Rxb7 e4 36. Rc7 e3 37. fxe3 Rxe3 38. b4 cxb4 39. b6 Re8 40. b7 Rb8
41. Kg2 Kh6 42. Kf3 g5 43. Ke4 Kg6 44. Kd5 f5 45. Kc6 f4 46. gxf4 gxf4 47. Rc8
Rxb7 48. Kxb7 Kg5 49. Kc6 Kh4 50. Kd5 Kg3 51. Ke4 f3 52. Rf8 f2 53. Ke3 1-0

[Event "Ogolnopolski Turniej Niepelnosprawnych"]
[Site "Rowy"]
[Date "2011.??.??"]
[Round "1.28"]
[White "Ostrowski, Michal"]
[Black "Czech, Jan"]
[Result "0-1"]
[WhiteElo "1421"]
[BlackElo "1851"]
[PlyCount "78"]
[EventDate "2011.??.??"]

1. Nc3 Nc6 2. d4 d5 3. e3 Nf6 4. h3 g6 5. Nf3 Bg7 6. Bb5 Bd7 7. Ne5 O-O 8. Nxd7
Qxd7 9. Na4 b6 10. Nc3 a6 11. Ba4 b5 12. Bb3 e6 13. a3 Rac8 14. O-O Ne7 15. Ne2
c5 16. c3 Ne4 17. f3 Nd6 18. Bc2 Nc4 19. b3 Nb6 20. a4 bxa4 21. bxa4 Nc4 22. e4
dxe4 23. fxe4 Rfd8 24. e5 Nd5 25. Rf3 a5 26. Bd3 cxd4 27. cxd4 Qa7 28. Kh2 Nb4
29. Qg1 Nxd3 30. Rxd3 Nxe5 31. Rc3 Rxc3 32. Nxc3 Qxd4 33. Qxd4 Rxd4 34. Rb1 h5
35. Bb2 Rd2 36. Ne4 Re2 37. Bxe5 Bxe5+ 38. Ng3 Re3 39. Rb5 Bxg3+ 0-1

[Event "Ogolnopolski Turniej Niepelnosprawnych"]
[Site "Rowy"]
[Date "2011.??.??"]
[Round "1.29"]
[White "Rogalski, Krzysztof"]
[Black "Przybylak, Gabriela"]
[Result "1-0"]
[WhiteElo "1846"]
[BlackElo "1419"]
[PlyCount "66"]
[EventDate "2011.??.??"]

1. e4 c5 2. Nc3 e6 3. f4 Nc6 4. Nf3 Nge7 5. d3 a6 6. g3 g6 7. Bg2 d6 8. Ne2 Bg7
9. c3 Rb8 10. Be3 Na7 11. Qd2 a5 12. Rc1 Bd7 13. O-O Bc6 14. Rfd1 O-O 15. b3 b6
16. c4 f5 17. e5 dxe5 18. Nxe5 Bxg2 19. Kxg2 Qc8 20. b4 Qb7+ 21. Kg1 Bxe5 22.
fxe5 Rfd8 23. Bg5 Rd7 24. Nf4 Rd4 25. Nxe6 Rg4 26. Bf6 Qf3 27. Rf1 Rxg3+ 28.
hxg3 Qxg3+ 29. Qg2 Qe3+ 30. Qf2 Qxf2+ 31. Rxf2 Nac8 32. Rh2 h5 33. Kf2 Rb7 1-0

[Event "Ogolnopolski Turniej Niepelnosprawnych"]
[Site "Rowy"]
[Date "2011.??.??"]
[Round "2.1"]
[White "Dembowski, Andrzej"]
[Black "Kiedrowicz, Jan"]
[Result "1/2-1/2"]
[WhiteElo "1942"]
[BlackElo "2301"]
[PlyCount "85"]
[EventDate "2011.??.??"]

1. Nf3 Nc6 2. d4 d5 3. g3 Bg4 4. Bg2 Qd7 5. h3 Bf5 6. c3 f6 7. Nbd2 Nh6 8. Nh4
Be6 9. e4 O-O-O 10. b4 g5 11. Nhf3 Nf7 12. Qe2 h5 13. Nb3 dxe4 14. Qxe4 Nd6 15.
Qe2 Bc4 16. Qc2 Qe6+ 17. Kd1 Qf7 18. Be3 Bd5 19. Nbd2 Rg8 20. Rg1 g4 21. hxg4
hxg4 22. Nh4 Bxg2 23. Rxg2 e5 24. Nb3 f5 25. Kc1 f4 26. dxe5 fxe3 27. exd6 Qc4
28. fxe3 Bxd6 29. Kb2 Be5 30. Nd4 Nxb4 31. cxb4 Rxd4 32. exd4 Bxd4+ 33. Ka3
Qxc2 34. Rxc2 Bxa1 35. Nf5 Kd7 36. Rc4 b5 37. Rc5 a6 38. Kb3 Ke6 39. Nh6 Rg7
40. Rc6+ Kd7 41. Rxa6 Be5 42. a4 bxa4+ 43. Kxa4 1/2-1/2

[Event "Ogolnopolski Turniej Niepelnosprawnych"]
[Site "Rowy"]
[Date "2011.??.??"]
[Round "2.2"]
[White "Wojcieszyn, Jacenty"]
[Black "Tuszynski, Edmund"]
[Result "1-0"]
[WhiteElo "2252"]
[BlackElo "1947"]
[PlyCount "58"]
[EventDate "2011.??.??"]

1. d4 d5 2. Nf3 Nf6 3. c4 e6 4. Bg5 Be7 5. Nc3 c6 6. e3 O-O 7. Qc2 Nbd7 8. a3
Nh5 9. Bxe7 Qxe7 10. Bd3 f5 11. cxd5 cxd5 12. g4 fxg4 13. Bxh7+ Kh8 14. Nd2 Nb6
15. Bg6 Qh4 16. Nf1 Bd7 17. Bxh5 Qxh5 18. Ng3 Qh4 19. O-O-O Rf6 20. Rhg1 Raf8
21. Rg2 Be8 22. Qe2 Kg8 23. Nh1 Bh5 24. Qd3 R8f7 25. b3 Rf3 26. Ne2 Qe7 27. Kb2
e5 28. Neg3 e4 29. Qd2 Bg6 1-0

[Event "Ogolnopolski Turniej Niepelnosprawnych"]
[Site "Rowy"]
[Date "2011.??.??"]
[Round "2.3"]
[White "Zinczuk, Leon"]
[Black "Kaukiel, Piotr"]
[Result "0-1"]
[WhiteElo "1890"]
[BlackElo "2194"]
[PlyCount "70"]
[EventDate "2011.??.??"]

1. e4 g6 2. d4 Bg7 3. f4 c5 4. d5 d6 5. Nf3 Nf6 6. Nbd2 O-O 7. Bd3 b5 8. c4
bxc4 9. Nxc4 Ba6 10. Qc2 e6 11. Ne3 exd5 12. exd5 Bb7 13. Bc4 Nbd7 14. O-O Nb6
15. Rd1 Re8 16. Rb1 Re4 17. g3 Qe7 18. Rd3 Nxc4 19. Nxc4 Re1+ 20. Nxe1 Qxe1+
21. Kg2 Nxd5 22. Rf3 Nb4 23. Qf2 Nd3 24. Qxe1 Nxe1+ 25. Kf2 Nxf3 26. Nxd6 Bd5
27. Be3 Nxh2 28. Bxc5 Ng4+ 29. Ke2 Bxa2 30. Ra1 Be6 31. Rb1 a5 32. Ba3 Rb8 33.
Ne4 Rb3 34. Kd2 h6 35. Rc1 Bxb2 0-1